Quel est le plus recherché sur Google ? - Statistiques

Statistiques générales
  • Ce quiz a été pris 393 fois
  • Le résultat moyen est 6 sur 10
Statistiques - réponses
Question Réponse % Correct
Quel est le plus recherché ? Adolf Hitler
96%
Quel est le plus recherché ? Seconde guerre mondiale
90%
Quel est le plus recherché ? Organisation des Nations Unies
87%
Quel est le plus recherché ? Emmanuel Macron
71%
Quel est le plus recherché ? Ouzbékistan
70%
Quel est le plus recherché ? Russie
55%
Quel est le plus recherché ? John Fitzgerald Kennedy
45%
Quel est le plus recherché ? Royaume-Uni
21%
Quel est le plus recherché ? Tintin
13%
Quel est le plus recherché ? Lyon
8%
Aucun quiz correspondant
Distribution des résultats
% des personnes avec chaque résultat
Percentile par nombre de réponses
Votre historique - résultats
Vous n’avez pas pris ce quiz